Cost-benefit analysis (Registro nro. 6065)

Detalles MARC
000 -LEADER
fixed length control field 02199 a2200253 4500
001 - CONTROL NUMBER
control field 56894
005 - DATE AND TIME OF LATEST TRANSACTION
control field 20260407155832.0
008 - FIXED-LENGTH DATA ELEMENTS--GENERAL INFORMATION
fixed length control field 260407a1994 arg spa d
003 - CONTROL NUMBER IDENTIFIER
control field AR-UNSa-BCEJYS
040 ## - CATALOGING SOURCE
Original cataloging agency AR-UNSa-BCEJYS
Language of cataloging spa
Transcribing agency AR-UNSa-BCEJYS
080 ## - UNIVERSAL DECIMAL CLASSIFICATION NUMBER
Universal Decimal Classification number 330.13
Common auxiliary subdivision Rentabilidad. Principio económico. Utilidad. Valor. Principio del valor
020 ## - INTERNATIONAL STANDARD BOOK NUMBER
International Standard Book Number 0-521-46674-1
041 ## - LANGUAGE CODE
Language code of text/sound track or separate title spa
100 1# - MAIN ENTRY--PERSONAL NAME
Personal name Layard, Richard
245 10 - TITLE STATEMENT
Title Cost-benefit analysis
250 ## - EDITION STATEMENT
Edition statement 2a. ed.
264 #1 - PRODUCTION, PUBLICATION, DISTRIBUTION, MANUFACTURE, AND COPYRIGHT NOTICE
Place of production, publication, distribution, manufacture Cambridge :
Name of producer, publisher, distributor, manufacturer Cambridge University Press
Date of production, publication, distribution, manufacture, or copyright notice 1994
300 ## - PHYSICAL DESCRIPTION
Extent x, 497 p.
Dimensions 26 cm.
505 ## - FORMATTED CONTENTS NOTE
Formatted contents note 1. Shadow prices and markets: Policy reform shadow prices and market prices – 2. Shadow prices and markets: Feasibility constraints foreign exchange and shadow wages – 3. Discount rate: The rate of discount for benefitcost analysis and the theory of the second best – 4. Risk and uncertainty: Uncertainty and the evaluation of public investment decisions – 5. Income distribution: Allowing for income distribution – 6. The costs and benefits of analysis: Project appraisal and planning twenty years on – 7. Time saving: Research into the value of time – 8. Safety and the saving of life: The theory of equalizing differences – 9. Safety and the saving of life: The economics of safety and physical risk – 10. The environment: The environment and emerging development issues – 11. Exhaustible resources: Resource depletion research and development and the social rate of discount – 12. Regulation and deregulation: Enhancing the performance of the deregulated air transportation system – 13. Pricing: Pricing and congestion Economic principles relevant to pricing roads – 14. Public transport: The allocation of urban public transport subsidy – 15. Health care: QALYs and the equityefficiency tradeoff – 16. Infrastructure: Water vending activities in developing countries – 17. The Environment: Assessing the social rate of return from investment in temperate zone forestry
590 ## - LOCAL NOTE (RLIN)
Local note niveau_biblio:m niveau_hierar:0
700 1# - ADDED ENTRY--PERSONAL NAME
Personal name Glaister, Stephen
856 41 - ELECTRONIC LOCATION AND ACCESS
Uniform Resource Identifier <a href="https://biblioeco.unsa.edu.ar/pmb/images/libros/L128626.jpg">https://biblioeco.unsa.edu.ar/pmb/images/libros/L128626.jpg</a>
Link text Imagen de portada
Electronic format type image/jpeg
942 ## - ADDED ENTRY ELEMENTS (KOHA)
Koha item type
Existencias
Withdrawn status Lost status Damaged status Not for loan Home library Current library Shelving location Date acquired Total checkouts Full call number Barcode Date last seen Price effective from Koha item type
        Biblioteca Prof. Eusebio Cleto del Rey Biblioteca Prof. Eusebio Cleto del Rey   07/04/2026   330.13 L426 2ed. L128626 07/04/2026 07/04/2026 Libro